| 000 | 00814nam a22002175i 4500 | ||
|---|---|---|---|
| 001 | 169010 | ||
| 003 | ES-MaACL | ||
| 005 | 20250718081355.0 | ||
| 008 | 080724q1880 fr |||| | fre d | ||
| 080 | _a782.089.6 | ||
| 100 | 1 |
_aGounod, Charles, _d1818-1893 _9240526 |
|
| 245 | 1 | 3 |
_aLe médecin malgré lui [ _hMúsica impresa] _b: opéra-comique en trois actes / _cmusique de Ch. Gounod ; paroles de Jules Barbier et Michel Carré. |
| 260 |
_aParis : _bJules Tallandier, _c[ca. 1880] |
||
| 300 |
_a1 partitura vocal (XII, 184 p.) : _bil. ; _c28 cm. |
||
| 650 | 4 |
_aÓperas- _xPartituras vocales. _9137997 |
|
| 700 | 1 |
_aBarbier, Jules. _925457 |
|
| 700 | 1 |
_aCarré, Michel. _9138040 |
|
| 852 | 4 |
_aES-MaACL _jL-29293 _z- Biblioteca Jacinto Martínez Lacalle |
|
| 942 | _2udc | ||
| 999 |
_c169010 _d169010 |
||